000
00444nam a2200157Ia 4500
008
090123s9999 xx 000 0 und d
082
_b
43355
245
_a
बॉर्न कन्फ्युज्ड
250
_a
1
260
_c
2008
300
_a
457
630
_a
बॉर्न कन्फ्युज्ड
700
_a
नरवणे सुधा
730
_a
बॉर्न कन्फ्युज्ड
942
_c
BOOK
999
_c
81462
_d
81462